| 000 | 00468nam a2200157Ia 4500 | ||
|---|---|---|---|
| 005 | 20250624031332.0 | ||
| 008 | 240331s9999 xx 000 0 und d | ||
| 020 | _a9552011647 | ||
| 082 |
_bWIC _a346 |
||
| 100 | _aWicramaarachchi,S | ||
| 245 | 0 | _aChatterly aryawa nadu vibhagaya Prakashana nidahasa saha sadachara sevanella | |
| 260 |
_aColombo _bS. Godage & Brothers _c1994 |
||
| 300 | _a184 p ., | ||
| 500 | _aFreedom of expression and the moral shadow | ||
| 942 | _cL | ||
| 999 |
_c5089 _d5089 |
||